Tεχνικές βελτιστοποιήσης
Αποθηκεύτηκε σε:
| Κύριος συγγραφέας: | |
|---|---|
| Μορφή: | Βιβλίο |
| Γλώσσα: | Greek |
| Δημοσίευση: |
Θεσσαλονίκη :
Εκδόσεις Τζιόλα,
c2007
|
| Θέματα: | |
| Ετικέτες: |
Προσθήκη ετικέτας
Δεν υπάρχουν, Καταχωρήστε ετικέτα πρώτοι!
|
MARC
| LEADER | 00000cam a2200000 i 4500 | ||
|---|---|---|---|
| 001 | 1/75982 | ||
| 008 | 080226s2007 gre d | ||
| 020 | |a 978-960-418-141-4 | ||
| 035 | |l 10095060 | ||
| 040 | |a GR-MY-UA |b gre |e aacr | ||
| 041 | 0 | |a gre | |
| 082 | 0 | |a 519.3 |2 (22) | |
| 100 | 1 | |a Rovithakis, George A., |d 1968- | |
| 245 | 1 | 0 | |a Tεχνικές βελτιστοποιήσης / |c Γεώργιος Α. Ροβιθάκης |
| 260 | |a Θεσσαλονίκη : |b Εκδόσεις Τζιόλα, |c c2007 | ||
| 300 | |a 294 σ.; |c 24 εκ. | ||
| 504 | |a Βιβλιογραφία : σ. 287-290. Ευρετήριο | ||
| 650 | 0 | 0 | |a Mathematical optimization. |
| 852 | |a INST |b CHIOS |e 20080226 |h 519.3 ROV |p 005200027732 |q 005200027732 |t BK |y 0 | ||
| 901 | |a BIBL2-2008-1 | ||
| 909 | |a Χ |b 146039 | ||
| 922 | |a 2ΕΛΗ |b 200802 |c ΕΠΕΑΕΚ2/ΤΜΟΔ |d Σ. ΠΑΤΑΚΗΣ | ||
| 970 | |a ΒΑΡΦΗΣ |b ΒΑΓΓΕΛΗΣ |z 2008/02/26 | ||